| 000 | 00938cam a2200217 i 4500 | ||
|---|---|---|---|
| 005 | 20251209125505.0 | ||
| 008 | 250721s2006 su gr 000 0 ara d | ||
| 082 | 1 | 4 |
_a216.14 _bه ا ش |
| 100 | 1 |
_aالهاشمي، محمد بن عبد الله بن الحاج التمبكتي _eمؤلف. |
|
| 245 | 1 | 2 |
_aالقواعد والضوابط الفقهية عند شيخ الإسلام ابن تيمية في الإيمان والنذور / _cد.محمد بن عبد الله بن الحاج التمبكتي الهاشمي. |
| 250 | _aالطبعة الأولى. | ||
| 264 | 3 | 1 |
_aمكة المكرمة : _bالمكتبة المكية، _c2006. |
| 300 | _a2 جزء. | ||
| 650 | 1 | 7 | _aالفقه الاسلامي. |
| 650 | 1 | 7 | _aالمعاملات ( فقه اسلامي ). |
| 650 | 1 | 7 | _aالايمان. |
| 650 | 1 | 7 | _aالنذور. |
| 653 | _aالقواعد الفقهيه | ||
| 942 |
_2ddc _cBK |
||
| 999 |
_c110934 _d110934 |
||